000 00379nam a2200109Ia 4500
008 171211s9999 xx 000 0 und d
245 _aI'll Be Here in the Morning: The Songwriting Legacy of Townes Van Zandt
245 _cBrian T. Atkinson, Harold F. Eggers Jr., and Jack Clements
260 _c2011
650 _xmusic
856 _uhttp://down.ebook777.com/060/9781603445269.pdf
999 _c348686
_d348686